<?xml version="1.0" encoding="UTF-8"?>
<record
    xmlns:xsi="http://www.w3.org/2001/XMLSchema-instance"
    xsi:schemaLocation="http://www.loc.gov/MARC21/slim http://www.loc.gov/standards/marcxml/schema/MARC21slim.xsd"
    xmlns="http://www.loc.gov/MARC21/slim">

  <leader>01469nam a22002297a 4500</leader>
  <datafield tag="999" ind1=" " ind2=" ">
    <subfield code="c">58003</subfield>
    <subfield code="d">58003</subfield>
  </datafield>
  <controlfield tag="005">20220624095000.0</controlfield>
  <controlfield tag="008">210420s2021    ge ||||| |||| 00| 0 rus d</controlfield>
  <datafield tag="041" ind1=" " ind2=" ">
    <subfield code="a">rus</subfield>
  </datafield>
  <datafield tag="080" ind1=" " ind2=" ">
    <subfield code="a">821 &#x414;-82</subfield>
  </datafield>
  <datafield tag="100" ind1=" " ind2=" ">
    <subfield code="a">&#x414;&#x443;&#x43C;&#x431;&#x430;&#x434;&#x437;&#x435;, &#x410;&#x43D;&#x430;&#x441;&#x442;&#x430;&#x441;&#x438;&#x44F;</subfield>
    <subfield code="9">11455</subfield>
  </datafield>
  <datafield tag="245" ind1=" " ind2=" ">
    <subfield code="a">&#x41B;&#x438;&#x43D;&#x433;&#x432;&#x43E;&#x43A;&#x443;&#x43B;&#x44C;&#x442;&#x443;&#x440;&#x43E;&#x43B;&#x43E;&#x433;&#x438;&#x447;&#x435;&#x441;&#x43A;&#x438;&#x435; &#x43F;&#x440;&#x43E;&#x431;&#x43B;&#x435;&#x43C;&#x44B; &#x43F;&#x435;&#x440;&#x435;&#x432;&#x43E;&#x434;&#x430; &#x438; &#x441;&#x43F;&#x43E;&#x441;&#x43E;&#x431;&#x44B; &#x438;&#x445; &#x43F;&#x440;&#x435;&#x43E;&#x434;&#x43E;&#x43B;&#x435;&#x43D;&#x438;&#x44F; (&#x43D;&#x430; &#x43F;&#x440;&#x438;&#x43C;&#x435;&#x440;&#x435; &#x440;&#x443;&#x441;&#x441;&#x43A;&#x43E;&#x433;&#x43E;, &#x443;&#x43A;&#x440;&#x430;&#x438;&#x43D;&#x441;&#x43A;&#x43E;&#x433;&#x43E; &#x438; &#x433;&#x440;&#x443;&#x437;&#x438;&#x43D;&#x441;&#x43A;&#x43E;&#x433;&#x43E; &#x44F;&#x437;&#x44B;&#x43A;&#x43E;&#x432;) /</subfield>
    <subfield code="c">&#x410;&#x43D;&#x430;&#x441;&#x442;&#x430;&#x441;&#x438;&#x44F; &#x414;&#x443;&#x43C;&#x431;&#x430;&#x434;&#x437;&#x435;; &#x41D;&#x430;&#x443;&#x447;&#x43D;&#x44B;&#x439; &#x440;&#x443;&#x43A;&#x43E;&#x432;&#x43E;&#x434;&#x438;&#x442;&#x435;&#x43B;&#x44C; &#x41D;&#x438;&#x43D;&#x43E; &#x410;&#x440;&#x43E;&#x448;&#x438;&#x434;&#x437;&#x435;; &#x411;&#x430;&#x442;&#x443;&#x43C;&#x441;&#x43A;&#x438;&#x439; &#x433;&#x43E;&#x441;. &#x443;&#x43D;&#x438;&#x432;&#x435;&#x440;&#x441;&#x438;&#x442;&#x435;&#x442; &#x428;&#x43E;&#x442;&#x430; &#x420;&#x443;&#x441;&#x442;&#x430;&#x432;&#x435;&#x43B;&#x438;.</subfield>
  </datafield>
  <datafield tag="264" ind1=" " ind2=" ">
    <subfield code="a">&#x411;&#x430;&#x442;&#x443;&#x43C;&#x438;,</subfield>
    <subfield code="c">2021.</subfield>
  </datafield>
  <datafield tag="300" ind1=" " ind2=" ">
    <subfield code="a">164 &#x441;&#x442;&#x440;.</subfield>
    <subfield code="b">30 &#x441;&#x43C;.</subfield>
  </datafield>
  <datafield tag="653" ind1=" " ind2=" ">
    <subfield code="a">&#x41B;&#x438;&#x43D;&#x433;&#x432;&#x43E;&#x43A;&#x443;&#x43B;&#x44C;&#x442;&#x443;&#x440;&#x43E;&#x43B;&#x43E;&#x433;&#x438;&#x447;&#x435;&#x441;&#x43A;&#x438;&#x435; &#x43F;&#x440;&#x43E;&#x431;&#x43B;&#x435;&#x43C;&#x44B; &#x43F;&#x435;&#x440;&#x435;&#x432;&#x43E;&#x434;&#x430; &#x438; &#x441;&#x43F;&#x43E;&#x441;&#x43E;&#x431;&#x44B; &#x438;&#x445; &#x43F;&#x440;&#x435;&#x43E;&#x434;&#x43E;&#x43B;&#x435;&#x43D;&#x438;&#x44F; (&#x43D;&#x430; &#x43F;&#x440;&#x438;&#x43C;&#x435;&#x440;&#x435; &#x440;&#x443;&#x441;&#x441;&#x43A;&#x43E;&#x433;&#x43E;, &#x443;&#x43A;&#x440;&#x430;&#x438;&#x43D;&#x441;&#x43A;&#x43E;&#x433;&#x43E; &#x438; &#x433;&#x440;&#x443;&#x437;&#x438;&#x43D;&#x441;&#x43A;&#x43E;&#x433;&#x43E; &#x44F;&#x437;&#x44B;&#x43A;&#x43E;&#x432;)</subfield>
  </datafield>
  <datafield tag="653" ind1=" " ind2=" ">
    <subfield code="a">&#x10DA;&#x10D8;&#x10DC;&#x10D2;&#x10D5;&#x10D8;&#x10E1;&#x10E2;&#x10D8;&#x10D9;&#x10D0;</subfield>
  </datafield>
  <datafield tag="653" ind1=" " ind2=" ">
    <subfield code="a">&#x41B;&#x438;&#x43D;&#x433;&#x432;&#x438;&#x441;&#x442;&#x438;&#x43A;&#x430;</subfield>
  </datafield>
  <datafield tag="653" ind1=" " ind2=" ">
    <subfield code="a">&#x414;&#x438;&#x441;&#x441;&#x435;&#x440;&#x442;&#x430;&#x446;&#x438;&#x44F;</subfield>
  </datafield>
  <datafield tag="653" ind1=" " ind2=" ">
    <subfield code="a">&#x10D3;&#x10D8;&#x10E1;&#x10D4;&#x10E0;&#x10E2;&#x10D0;&#x10EA;&#x10D8;&#x10D0;</subfield>
  </datafield>
  <datafield tag="700" ind1=" " ind2=" ">
    <subfield code="a">&#x410;&#x440;&#x43E;&#x448;&#x438;&#x434;&#x437;&#x435;,  &#x41D;&#x438;&#x43D;&#x43E; </subfield>
    <subfield code="e">&#x41D;&#x430;&#x443;&#x447;&#x43D;&#x44B;&#x439; &#x440;&#x443;&#x43A;&#x43E;&#x432;&#x43E;&#x434;&#x438;&#x442;&#x435;&#x43B;&#x44C;</subfield>
    <subfield code="9">11456</subfield>
  </datafield>
  <datafield tag="710" ind1=" " ind2=" ">
    <subfield code="a">&#x411;&#x430;&#x442;&#x443;&#x43C;&#x441;&#x43A;&#x438;&#x439; &#x433;&#x43E;&#x441;. &#x443;&#x43D;&#x438;&#x432;&#x435;&#x440;&#x441;&#x438;&#x442;&#x435;&#x442; &#x428;&#x43E;&#x442;&#x430; &#x420;&#x443;&#x441;&#x442;&#x430;&#x432;&#x435;&#x43B;&#x438;</subfield>
    <subfield code="d">&#x424;&#x430;&#x43A;&#x443;&#x43B;&#x44C;&#x442;&#x435;&#x442; &#x433;&#x443;&#x43C;&#x430;&#x43D;&#x438;&#x442;&#x430;&#x440;&#x43D;&#x44B;&#x445; &#x43D;&#x430;&#x443;&#x43A;. &#x41B;&#x438;&#x43D;&#x433;&#x432;&#x438;&#x441;&#x442;&#x438;&#x43A;&#x430;</subfield>
    <subfield code="9">11457</subfield>
  </datafield>
  <datafield tag="942" ind1=" " ind2=" ">
    <subfield code="2">udc</subfield>
    <subfield code="c">DS</subfield>
  </datafield>
  <datafield tag="952" ind1=" " ind2=" ">
    <subfield code="0">0</subfield>
    <subfield code="1">0</subfield>
    <subfield code="2">udc</subfield>
    <subfield code="4">0</subfield>
    <subfield code="6">821_&#x414;82</subfield>
    <subfield code="7">2</subfield>
    <subfield code="9">90253</subfield>
    <subfield code="a">CPL</subfield>
    <subfield code="b">CPL</subfield>
    <subfield code="c">GEN</subfield>
    <subfield code="d">2021-04-20</subfield>
    <subfield code="o">821 &#x414;-82</subfield>
    <subfield code="p">354 &#x10D3;&#x10D8;&#x10E1;&#x10D4;&#x10E0;&#x10E2;</subfield>
    <subfield code="r">2021-04-20</subfield>
    <subfield code="t">354</subfield>
    <subfield code="w">2021-04-20</subfield>
    <subfield code="y">DS</subfield>
  </datafield>
</record>
